000 00543nam a22001937a 4500
005 20251108164909.0
008 250721s1997 xx 000 0 ara d
082 1 4 _a688.65/جغب
100 1 _aتوفيق، ماضي
245 1 0 _aالمبيدات أنواعها - إستعمالاتها - تأثيراتها الصحية /
264 _c1997.
300 _a135ص
650 1 7 _aالزراعة
650 1 7 _aالمبيدات
650 1 7 _aالآفات
650 1 7 _aمبيدات الأعشاب
942 _2ddc
_cBK
999 _c16944
_d16944